| 000 | 00607nam a22001937a 4500 | ||
|---|---|---|---|
| 999 |
_c162971 _d162971 |
||
| 005 | 20190325125928.0 | ||
| 008 | 190325b ||||| |||| 00| 0 eng d | ||
| 010 | _aENG-124926 | ||
| 020 |
_c499.00 _a9789384061296 |
||
| 035 | _aEN-108458 | ||
| 037 | _bDBAD/PUB | ||
| 040 |
_aDPL _bEnglish |
||
| 082 | _a332.678 | ||
| 245 |
_aThe complete wealth guide for doctors/ _bby |
||
| 260 |
_aNew Delhi _bNetwork18 Publications _c2015 |
||
| 270 |
_a507, Prabhat Kiran, 17, Rajendra Place, _bNew Delhi _e110 008 |
||
| 300 |
_a199p. : _c24cm (Hb) _bill. |
||
| 942 |
_adpl _cEN _2ddc _h332.678 _mCOM |
||